[Event "Duitama op 13th"]
[Site "Duitama"]
[Date "2010.01.09"]
[Round "3.5"]
[White "Hernandez, Jairo Andres"]
[Black "Abril Silva, Luis Hernando"]
[Result "1-0"]
[WhiteElo "2056"]
[BlackElo "1672"]
[PlyCount "38"]
[EventDate "2010.01.09"]
[EventType "swiss"]
[EventRounds "7"]
[EventCountry "COL"]
[SourceTitle "EXT 2024"]
[Source "ChessBase"]
[SourceDate "2023.10.10"]
[SourceVersion "1"]
[SourceVersionDate "2023.10.10"]
[SourceQuality "1"]

1. e4 g6 2. d4 Bg7 3. Nc3 d6 4. Nge2 Nf6 5. g3 Bg4 6. Bg2 Nc6 7. f3 Bd7 8. Be3 a6 9. a4 Qc8 10. h3 0-0 11. Qd2 Re8 12. g4 e5 13. d5 Ne7 14. 0-0 c6 15. f4 cxd5 16. exd5 Qc4 17. fxe5 dxe5 18. Bg5 Nxg4 19. hxg4 Qxg4 1-0